The Girl from Ipanema - lyrics - Statistics

General Stats
  • This quiz has been taken 15 times
  • The average score is 23 of 41
Answer Stats
Lyrics % Correct
And when she {passes}
85%
And when she {passes}, I smile
85%
The {girl} from Ipanema goes {walking}
85%
She looks {straight} ahead, not at {me}
77%
{tall} and {tan} and {young} and {lovely}
77%
Tall and {tan} and {young} and lovely
77%
That when she {passes}
77%
The {Girl} from {Ipanema} goes {walking}
77%
The {Girl} from {Ipanema} goes {walking}
77%
And when she {passes}, I {smile}
69%
But each {day} when she {walks} to the {sea}
69%
But {she} {doesn‘t} see
69%
Doesn‘t {see}
69%
{Tall}, tan, {young}, lovely
69%
Yes, I would give my {heart} gladly
69%
But she {doesn‘t} {see}
62%
How can I {tell} her I {love} her?
62%
She {looks} straight ahead, not at {me}
62%
Yes, I would give my heart {gladly}
62%
Aah, por que tudo é tão {triste}?
54%
But each {day}, when she walks to the {sea}
54%
{Each} {one} she passes goes {Ah}
54%
Olha que coisa mais {linda}
54%
Por causa do {amor}
54%
Que vem e que {passa}
54%
That {swings} so cool and {sways} so gentle
54%
When she {walks}, she‘s like a {samba}
54%
But I {watch} her so {sadly}
46%
Moça do corpo dourado do sol de {Ipanema}
46%
A caminho do {mar}
38%
É a coisa mais linda que eu já vi {passar}
38%
Ela é {menina}
38%
Mas cheia de {graça}
38%
Ooh, but I watch her so {sadly}
38%
O seu balançado parece un {poema}
38%
Num doce {balanço}
31%
Por {causa} do {amor}
31%
She {just} doesn’t {see}
31%
Each one she passes {goes} {Ooh}
15%
Nem olha para {mim}
15%
She {never} sees {me}
15%
No matching quizzes found
Score Distribution
Percent of People with Each Score
Percentile by Number Answered
Your Score History
You have not taken this quiz